Statistics for Countries of the World - 30 Second Sprint

Click here to take the quiz!

General Stats

  • This quiz has been taken 77 times
  • The average score is 20 of 196

Answers on the Map

Answers color-coded by a green-red scale on the quiz's map according to % correct below.
 

Answer Stats

Country% Correct
United States
82%
United Kingdom
75%
China
66%
Russia
66%
Canada
64%
Mexico
61%
Brazil
55%
France
55%
Spain
48%
Australia
41%
India
39%
Germany
36%
Democratic Republic
of the Congo
32%
Ireland
32%
Chile
30%
Italy
30%
United Arab Emirates
30%
Denmark
27%
Argentina
25%
Bolivia
25%
Chad
25%
Dominican Republic
25%
Norway
25%
Peru
25%
Republic of the Congo
25%
Sweden
25%
Finland
23%
Iraq
23%
Colombia
20%
Cuba
20%
Iceland
20%
Iran
20%
Japan
20%
Niger
20%
Ukraine
20%
Libya
18%
Poland
18%
Portugal
18%
Algeria
16%
Central African Republic
16%
Egypt
16%
New Zealand
16%
Sudan
16%
Austria
14%
Belarus
14%
Estonia
14%
Greece
14%
Laos
14%
Mali
14%
Bahamas
11%
Haiti
11%
Latvia
11%
Lithuania
11%
Mongolia
11%
Netherlands
11%
Nigeria
11%
Oman
11%
Yemen
11%
Belgium
9%
Fiji
9%
Ghana
9%
Guatemala
9%
North Korea
9%
Paraguay
9%
Saudi Arabia
9%
South Korea
9%
Vatican City
9%
Bahrain
7%
Belize
7%
Costa Rica
7%
Ecuador
7%
Malta
7%
Moldova
7%
Nepal
7%
Panama
7%
Qatar
7%
Sri Lanka
7%
Syria
7%
Uganda
7%
Uruguay
7%
Venezuela
7%
Vietnam
7%
Antigua and Barbuda
5%
Armenia
5%
Azerbaijan
5%
Barbados
5%
Benin
5%
Bhutan
5%
Bosnia and
Herzegovina
5%
Bulgaria
5%
Cambodia
5%
Dominica
5%
El Salvador
5%
Federated States of
Micronesia
5%
Gabon
5%
Hungary
5%
Indonesia
5%
Jamaica
5%
Kazakhstan
5%
Kuwait
5%
Madagascar
5%
Monaco
5%
Pakistan
5%
Romania
5%
Saint Lucia
5%
Saint Vincent and the
Grenadines
5%
Samoa
5%
Serbia
5%
Singapore
5%
South Sudan
5%
Tanzania
5%
Togo
5%
Tunisia
5%
Tuvalu
5%
Afghanistan
2%
Albania
2%
Andorra
2%
Brunei
2%
Cape Verde
2%
Croatia
2%
Cyprus
2%
East Timor
2%
Guyana
2%
Honduras
2%
Israel
2%
Jordan
2%
Kenya
2%
Kiribati
2%
Kosovo
2%
Kyrgyzstan
2%
Liberia
2%
Luxembourg
2%
Malaysia
2%
Maldives
2%
Morocco
2%
Myanmar
2%
Namibia
2%
Nauru
2%
Nicaragua
2%
North Macedonia
2%
Palau
2%
Papua New Guinea
2%
Philippines
2%
Rwanda
2%
Saint Kitts and Nevis
2%
San Marino
2%
São Tomé and Príncipe
2%
Senegal
2%
Sierra Leone
2%
Somalia
2%
South Africa
2%
Suriname
2%
Taiwan
2%
Thailand
2%
Tonga
2%
Trinidad and Tobago
2%
Turkey
2%
Uzbekistan
2%
Vanuatu
2%
Zambia
2%
Angola
0%
Bangladesh
0%
Botswana
0%
Burkina Faso
0%
Burundi
0%
Cameroon
0%
Comoros
0%
Czech Republic
0%
Djibouti
0%
Equatorial Guinea
0%
Eritrea
0%
Eswatini
0%
Ethiopia
0%
Gambia
0%
Georgia
0%
Grenada
0%
Guinea
0%
Guinea-Bissau
0%
Ivory Coast
0%
Lebanon
0%
Lesotho
0%
Liechtenstein
0%
Malawi
0%
Marshall Islands
0%
Mauritania
0%
Mauritius
0%
Montenegro
0%
Mozambique
0%
Seychelles
0%
Slovakia
0%
Slovenia
0%
Solomon Islands
0%
Switzerland
0%
Tajikistan
0%
Turkmenistan
0%
Zimbabwe
0%

Score Distribution

Percentile by Number Answered

Percent of People with Each Score

Your Score History

You have not taken this quiz